00545nam a2200169 i 4500001000700000003000900007005001700016008004100033080001200074100003300086245008100119260003300200300003400233500001400267650003000281852006400311170864ES-MaACL20260217063017.0090413s1888 fr |||| | fre d a792(44)1 aSoubies, Albert, d1846-191814aUne première par jour : bcauseries sur le théâtre / cAlbert Soubies. aParis : bA. Dupret, c1888. aVI, 443 p., [1] h. ; c19 cm. aÍndice. 4aTeatro-zFrancia-yS.XIX.4 aES-MaACLjE-12575 z- Biblioteca Jacinto Martínez Lacalle